[Event "Memorial Estrada"]
[Site "masterchessopen.com – Argentina"]
[Round "0"]
[White "Gomez Baillo Jorge H (ARG)"]
[Black "Rivera Daniel (URU)"]
[Result "1-0"]
[WhiteElo "2435"]
[BlackElo "2331"]

1.e4 c5 2.Nf3 Nc6 3.d4 cxd4 4.Nxd4 Nf6 5.Nc3 d6 6.Be2 e5 7.Nf3 h6 8.O-O Be7
9.Re1 O-O 10.h3 Be6 11.Bf1 Qa5 12.Bd2 Qd8 13.Bc1 Qa5 14.a3 Rfc8 15.Rb1 Qd8
16.Nd5 Bf8 17.c4 Nb8 18.b4 Nbd7 19.Bb2 Nh7 20.Qd2 Bxd5 21.exd5 b6 22.g3 a5
23.Nh4 Qg5 24.Qd3 axb4 25.axb4 g6 26.Ng2 Bg7 27.h4 Qd8 28.h5 gxh5 29.Nh4 Ndf8
30.Qf5 Qg5 31.Bc1 Qxf5 32.Nxf5 Rd8 33.Be2 Ng5 34.Be3 Rab8 35.Ne7+ {#r} 1-0

[Event "Staatsliga"]
[Site "masterchessopen.com – Austria"]
[Round "0"]
[White "Sinowjew Juri (AUT)"]
[Black "Felsberger Alfred (AUT)"]
[Result "0-1"]
[WhiteElo "2283"]
[BlackElo "2361"]

1.e4 c5 2.Nf3 d6 3.d4 cxd4 4.Nxd4 Nf6 5.Nc3 Nc6 6.Be2 e5 7.Nf3 h6 8.O-O Be7
9.Re1 O-O 10.h3 Be6 11.Bf1 Qa5 12.a3 Rac8 13.Rb1 Nb8 14.b4 Qd8 15.Nd5 Nxd5
16.exd5 Bf5 17.Bd3 Bxd3 18.cxd3 f5 19.Qb3 Bf6 20.Be3 a6 21.Rbc1 Qd7 22.a4 b5
23.axb5 Qxb5 24.Nd2 Kh7 25.Rb1 Nd7 26.Qa3 f4 27.Ba7 Rc7 {#R} 0-1

[Event "It (open)"]
[Site "masterchessopen.com – Beijing (China)"]
[Round "0"]
[White "Ye Jiangchuan (CHN)"]
[Black "Smirin Ilia (ISR)"]
[Result "1-0"]
[WhiteElo "2602"]
[BlackElo "2678"]

1.e4 c5 2.Nf3 d6 3.d4 cxd4 4.Nxd4 Nf6 5.Nc3 Nc6 6.Be2 e5 7.Nf3 h6 8.O-O Be7
9.Re1 O-O 10.h3 Qc7 11.Bf1 Nb8 12.Nb5 Qc6 13.c4 Nxe4 14.Nbd4 exd4 15.Nxd4 Bh4
16.Nxc6 Bxf2+ 17.Kh2 Bg3+ 18.Kg1 Bf2+ 19.Kh1 Ng3+ 20.Kh2 Nxc6 21.Bf4 Bxe1
22.Qxe1 Nxf1+ 23.Qxf1 Rd8 24.Rd1 Be6 25.Bxd6 Rd7 26.Qf4 Rad8 27.c5 Bxa2 28.Re1
Be6 29.Qh4 a6 30.Re3 Re8 31.Rg3 Kh7 32.Bf4 Rd4 33.Rxg7+ Kxg7 34.Qxh6+ Kg8
35.Bg5 {#r} 1-0

[Event "Ch Yugoslavia (team)"]
[Site "masterchessopen.com – Cetinje (Montenegro)"]
[Round "3"]
[White "Vujacic Borivoje (SRB)"]
[Black "Ljubisavljevic Zivojin Z (SRB)"]
[Result "1-0"]
[WhiteElo "2299"]
[BlackElo "2221"]

1.e4 c5 2.Nf3 Nc6 3.d4 cxd4 4.Nxd4 d6 5.Nc3 Nf6 6.Be2 e5 7.Nf3 Be7 8.O-O O-O
9.Re1 a6 10.h3 b5 11.Bf1 b4 12.Nd5 Nxd5 13.exd5 Nb8 14.a3 bxa3 15.Rxa3 f5
16.c4 Bf6 17.b4 Nd7 18.Bb2 Rb8 19.Bc3 Re8 20.c5 dxc5 21.bxc5 Nxc5 22.Bxe5 Bxe5
23.Nxe5 Bb7 24.d6 Qf6 25.Bc4+ Kf8 26.Qd4 Rxe5 27.Qxe5 Qxe5 28.Rxe5 Rc8
29.Rxf5+ Ke8 30.Rf7 Kd8 31.Rxg7 {#r} 1-0

[Event "Oberliga 1990/91"]
[Site "masterchessopen.com – Hessen (Germany)"]
[Round "0"]
[White "Ambrosius Berthold (GER)"]
[Black "Beck Daniel (GER)"]
[Result "1-0"]
[WhiteElo "2128"]
[BlackElo "2132"]

1.e4 c5 2.Nf3 d6 3.d4 cxd4 4.Nxd4 Nf6 5.Nc3 Nc6 6.Be2 e5 7.Nf3 h6 8.O-O Be6
9.Re1 Be7 10.Bb5 O-O 11.Nd5 Rc8 12.c3 Kh8 13.a4 Rg8 14.Kh1 Bf8 15.Nxf6 Qxf6
16.Be3 a6 17.Bf1 Na5 18.Nd2 Qd8 19.b4 Nc6 20.a5 Be7 21.Bb6 Qd7 22.Nf3 Rgf8
23.Qd2 Nb8 24.Qb2 f5 25.Rad1 Qc6 26.exf5 Rxf5 27.Nd4 exd4 28.Rxe6 dxc3 29.Qc2
Rf7 30.Qg6 Rcf8 31.Bd3 {#r} 1-0

[Event "Oberliga 1990/91"]
[Site "masterchessopen.com – Hessen (Germany)"]
[Round "0"]
[White "Friedrich Norbert (GER)"]
[Black "Kozul Zdenko (CRO)"]
[Result "0-1"]
[WhiteElo "2311"]
[BlackElo "2560"]

1.e4 c5 2.Nf3 Nc6 3.d4 cxd4 4.Nxd4 Nf6 5.Nc3 d6 6.Be2 e5 7.Nf3 h6 8.O-O Be7
9.Re1 O-O 10.h3 Be6 11.Bf1 Nb8 12.Nd5 Nxd5 13.exd5 Bf5 14.c4 Nd7 15.Be3 Bh7
16.b4 a5 17.a3 f5 18.Rc1 axb4 19.axb4 b6 20.Qb3 Bf6 21.Rcd1 Rf7 22.Bc1 g5
23.g4 Bg7 24.gxf5 Bxf5 25.Bg2 Qf6 26.Nd2 Raf8 27.Re2 g4 28.Ne4 Qg6 29.h4 Bxe4
30.Bxe4 Qh5 31.Qg3 Bf6 32.Bf5 Qxf5 {#R} 0-1

[Event "It"]
[Site "masterchessopen.com – Papanastasio (Greece)"]
[Round "7"]
[White "Martidis Alkis (CYP)"]
[Black "Sirigos Nikolaos (GRE)"]
[Result "1-0"]
[WhiteElo "2188"]
[BlackElo "2257"]

1.e4 c5 2.Nf3 d6 3.d4 cxd4 4.Nxd4 Nf6 5.Nc3 Nc6 6.Be2 e5 7.Nf3 h6 8.O-O Be7
9.Re1 O-O 10.h3 Be6 11.Bf1 Rc8 12.Nd5 Bxd5 13.exd5 Nb8 14.c4 Nbd7 15.b4 Nh7
16.Qb3 Kh8 17.Bb2 f5 18.c5 dxc5 19.Nxe5 Nxe5 20.Bxe5 Bf6 21.bxc5 Rxc5 22.Rad1
b5 23.Qa3 Qb6 24.Bxf6 Nxf6 25.Re6 b4 26.Qe3 Qa5 27.Ra6 Qc7 28.d6 f4 29.Qd4 Qc8
30.d7 Nxd7 31.Qxd7 Qxd7 32.Rxd7 Rc1 33.Raxa7 Re8 34.Re7 Rd8 35.Rad7 {#r} 1-0

[Event "Tournament"]
[Site "masterchessopen.com – Aragon (Spain)"]
[Round "0"]
[White "Ruiz Jose Hervas (ESP)"]
[Black "Colas Longares Rafael P (ESP)"]
[Result "0-1"]
[WhiteElo "2196"]
[BlackElo "2321"]

1.e4 c5 2.Nf3 Nc6 3.d4 cxd4 4.Nxd4 Nf6 5.Nc3 d6 6.Be2 e5 7.Nf3 h6 8.O-O Be7
9.Re1 O-O 10.Be3 Be6 11.Bf1 Qa5 12.Nd2 Rfc8 13.Nb3 Qd8 14.Qd2 Ng4 15.Rad1 Nxe3
16.Qxe3 Nb4 17.Bd3 Bg5 18.Qf3 a5 19.a3 Nc6 20.Nb5 a4 21.Nd2 Ra5 22.Nf1 Qb6
23.Qe2 Nd4 24.Nxd4 exd4 25.g3 Qxb2 26.f4 Bf6 27.Rb1 Qxa3 28.Rxb7 Qc3 29.f5
Bxf5 30.exf5 Re5 31.Be4 d5 32.Nd2 a3 33.Qd3 dxe4 34.Nxe4 Qxe1+ {#R} 0-1

[Event "It (open)"]
[Site "masterchessopen.com – Bern (Switzerland)"]
[Round "1"]
[White "Rhodin Bodo (GER)"]
[Black "Vaisser Anatoly (FRA)"]
[Result "0-1"]
[WhiteElo "2335"]
[BlackElo "2580"]

1.e4 c5 2.Nf3 Nc6 3.d4 cxd4 4.Nxd4 Nf6 5.Nc3 d6 6.Be2 e5 7.Nf3 h6 8.O-O Be6
9.Re1 Be7 10.Bf1 O-O 11.h3 Nb8 12.Be3 a6 13.a4 Nbd7 14.g3 Rc8 15.Nd2 d5
16.exd5 Nxd5 17.Nxd5 Bxd5 18.Nb3 Nf6 19.a5 Qd7 20.Bb6 Qf5 21.Nd4 exd4 22.Rxe7
Rxc2 {#R} 0-1

[Event "It"]
[Site "masterchessopen.com – Buenos Aires (Argentina)"]
[Round "10"]
[White "Rodriguez Adolfo I (ARG)"]
[Black "Dolezal Cristian (ARG)"]
[Result "1-0"]
[WhiteElo "2235"]
[BlackElo "2428"]

1.e4 c5 2.Nf3 Nc6 3.d4 cxd4 4.Nxd4 Nf6 5.Nc3 d6 6.Be2 e5 7.Nf3 h6 8.h3 Be7
9.Be3 Be6 10.Qd2 Qa5 11.O-O O-O 12.a3 a6 13.Rad1 Rfe8 14.Nh2 b5 15.Ng4 Nxg4
16.Bxg4 Nd4 17.f4 Bc4 18.Rf2 Bh4 19.g3 Bxg3 20.Rg2 Bh4 21.b3 Be6 22.f5 Bd7
23.Bxh6 Qb6 24.Kh1 d5 25.Bh5 dxe4 26.Bxg7 e3 27.Bf6+ Kf8 28.Rg8+ {#r} 1-0

[Event "Ch Europe (team)"]
[Site "masterchessopen.com – Debrecen (Hungary)"]
[Round "5"]
[White "Koskela Niina (FIN)"]
[Black "Zimmersmann Rita (HUN)"]
[Result "1-0"]
[WhiteElo "2198"]
[BlackElo "2225"]

1.e4 c5 2.Nf3 d6 3.d4 cxd4 4.Nxd4 Nf6 5.Nc3 Nc6 6.Be2 e5 7.Nf3 h6 8.O-O Be7
9.Re1 O-O 10.h3 Be6 11.Bf1 Nb8 12.Be3 Nbd7 13.a4 a5 14.Qd3 Rc8 15.Nd2 Nc5
16.Qb5 Qc7 17.Kh1 d5 18.exd5 Nxd5 19.Nxd5 Bxd5 20.Qe2 Ne6 21.c3 f5 22.Qb5 Bc5
23.Bxc5 Qxc5 24.Rxe5 Qxb5 25.axb5 Rcd8 26.c4 {#r} 1-0

[Event "Ch World (juniors) (under 16) (g)"]
[Site "masterchessopen.com – Duisburg (Germany)"]
[Round "0"]
[White "Gaponenko Inna (UKR)"]
[Black "Grabics Monika (HUN)"]
[Result "0-1"]
[WhiteElo "2445"]
[BlackElo "2336"]

1.e4 c5 2.Nf3 Nc6 3.d4 cxd4 4.Nxd4 Nf6 5.Nc3 d6 6.Be2 e5 7.Nf3 h6 8.O-O Be7
9.Re1 O-O 10.h3 Be6 11.Bf1 Nb8 12.b3 a6 13.a4 Qc7 14.Bb2 Nbd7 15.Nd2 Rac8
16.Nc4 Bxc4 17.Bxc4 Nc5 18.a5 Ne6 19.Bc1 Nc5 20.Bb2 Ne6 21.Nd5 Nxd5 22.exd5
Nf4 23.Kh2 Qd7 24.Bf1 Qf5 25.Rc1 Qg5 26.Kh1 Nxh3 27.gxh3 {#R} 0-1

[Event "It (open)"]
[Site "masterchessopen.com – Helsinki (Finland)"]
[Round "3"]
[White "Beshukov Sergei (RUS)"]
[Black "Aseev Konstantin N (RUS)"]
[Result "0-1"]
[WhiteElo "2449"]
[BlackElo "2560"]

1.e4 c5 2.Nf3 d6 3.d4 cxd4 4.Nxd4 Nf6 5.Nc3 Nc6 6.Be2 e5 7.Nf3 h6 8.O-O Be7
9.Re1 O-O 10.h3 Be6 11.Bf1 Nb8 12.a4 Nbd7 13.a5 a6 14.Nd5 Nxd5 15.exd5 Bf5
16.c4 Re8 17.b4 e4 18.Nd4 Bg6 19.Be3 Bf6 20.Ra3 Ne5 21.Qd2 Nd3 22.Bxd3 exd3
23.Rc1 Bxd4 24.Bxd4 Re2 25.Qc3 Qg5 26.Be3 Qh4 27.Raa1 Re8 28.Bb6 Rc8 29.Be3 d2
30.Rd1 Rxc4 31.Qa3 Re4 32.Ba7 Re1+ 33.Kh2 Rxd1 34.Rxd1 Re1 35.Qa1 Qf4+ 36.g3
Qe4 {#R} 0-1

[Event "It (open)"]
[Site "masterchessopen.com – Oberwart (Austria)"]
[Round "9"]
[White "Holzer Gerhard (AUT)"]
[Black "Adam Gunther (AUT)"]
[Result "1-0"]
[WhiteElo "2183"]
[BlackElo "2063"]

1.e4 c5 2.Nf3 Nc6 3.Nc3 d6 4.d4 cxd4 5.Nxd4 Nf6 6.Be2 e5 7.Nf3 h6 8.O-O Be6
9.Re1 Be7 10.Bf1 O-O 11.h3 a6 12.Nd5 Rc8 13.c4 Nd7 14.Be3 f5 15.exf5 Bxf5
16.b4 Qe8 17.Be2 Nd8 18.Rc1 Ne6 19.Nh2 Bg5 20.Bh5 Qd8 21.Nf3 Be7 22.Nd2 Bg5
23.Nf3 Be7 24.Qd2 Nf6 25.Bb6 Qd7 26.Nxe5 {#r} 1-0

[Event "It (w)"]
[Site "masterchessopen.com – Simferopol (Ukraine)"]
[Round "0"]
[White "Gaponenko Inna (UKR)"]
[Black "Ungure Liga (LAT)"]
[Result "1-0"]
[WhiteElo "2445"]
[BlackElo "2077"]

1.e4 c5 2.Nf3 d6 3.d4 cxd4 4.Nxd4 Nf6 5.Nc3 Nc6 6.Be2 e5 7.Nf3 h6 8.O-O Be7
9.Re1 O-O 10.h3 Be6 11.Bf1 Rc8 12.Nd5 Nd7 13.c4 f5 14.exf5 Bxf5 15.b3 Nf6
16.Ba3 Nxd5 17.Qxd5+ Kh8 18.Rad1 Rf6 19.c5 dxc5 20.Qxd8+ Rxd8 21.Rxd8+ Nxd8
22.Nxe5 Bd6 23.Nc4 Bf8 24.Re8 Ne6 25.Ne5 Nc7 26.Rb8 b6 27.Bb2 Kg8 28.Rb7 Nd5
29.Bc4 Be6 30.Rxa7 Nf4 31.Bf1 Bd5 32.g3 Ne6 33.Rd7 Be4 34.Bc4 Kh7 35.Ng4 Rg6
36.Nf6+ {#r} 1-0

[Event "Ch World (juniors) (under 18) (g)"]
[Site "masterchessopen.com – Bratislava (Slovakia)"]
[Round "6"]
[White "Thompson Tracey (ENG)"]
[Black "Grabics Monika (HUN)"]
[Result "0-1"]
[WhiteElo "2035"]
[BlackElo "2336"]

1.e4 c5 2.Nf3 Nc6 3.d4 cxd4 4.Nxd4 Nf6 5.Nc3 d6 6.Be2 e5 7.Nf3 h6 8.O-O Be7
9.b3 Be6 10.Qd2 O-O 11.a4 d5 12.exd5 Nxd5 13.Nxd5 Qxd5 14.Qxd5 Bxd5 15.Bb2 Bf6
16.Rad1 Be4 17.Rd2 Rac8 18.Rfd1 Na5 19.Ne1 Bg5 20.Rd7 Bxc2 21.R1d5 Bf5 22.Bxe5
Bxd7 23.Rxd7 Rfe8 {#R} 0-1

[Event "It (open)"]
[Site "masterchessopen.com – Forli (Italy)"]
[Round "1"]
[White "Tagnon Nicole (FRA)"]
[Black "Caposciutti Maurizio (ITA)"]
[Result "0-1"]
[WhiteElo "1934"]
[BlackElo "2316"]

1.e4 c5 2.Nf3 Nc6 3.d4 cxd4 4.Nxd4 Nf6 5.Nc3 d6 6.Be2 e5 7.Nf3 h6 8.O-O Be7
9.h3 O-O 10.Re1 Be6 11.Bf1 Nb8 12.a4 Nbd7 13.Nd5 Nxd5 14.exd5 Bf5 15.Nd2 Bg6
16.a5 f5 17.b4 e4 18.Nb3 Bf6 19.Nd4 Be5 20.Ra3 Qf6 21.Ne6 f4 22.Nxf8 Rxf8
23.Be2 Bc3 24.Bd2 Bd4 25.Rf1 Qe5 26.Bg4 e3 27.c3 exf2+ 28.Kh1 Be3 29.Bxd7 f3
30.gxf3 Bh5 31.Rxf2 Bxf2 32.c4 Qg3 33.Be6+ Kh8 34.c5 Rxf3 35.Ra1 Rf5 {#R} 0-1

[Event "It"]
[Site "masterchessopen.com – Godesburg (Germany)"]
[Round "1"]
[White "Luther Thomas (GER)"]
[Black "Roos Thomas (GER)"]
[Result "1-0"]
[WhiteElo "2518"]
[BlackElo "2193"]

1.e4 c5 2.Nf3 d6 3.d4 cxd4 4.Nxd4 Nf6 5.Nc3 Nc6 6.Be2 e5 7.Nf3 h6 8.O-O Be7
9.Re1 O-O 10.h3 Be6 11.Bf1 Rc8 12.Nd5 Bxd5 13.exd5 Nb8 14.c4 Nbd7 15.Be3 Nh7
16.b4 b6 17.Rc1 f5 18.c5 f4 19.cxd6 Bxd6 20.Bd2 Ng5 21.Rc6 Nxf3+ 22.Qxf3 Nf6
23.Bd3 Qd7 24.Bc3 Rce8 25.Bg6 Re7 26.Qd3 Bb8 27.Bf5 Qd8 28.d6 e4 29.Qc4+ {#r}
1-0

[Event "It (open)"]
[Site "masterchessopen.com – Leeuwarden (Netherlands)"]
[Round "1"]
[White "Lau Ralf (GER)"]
[Black "Kluss Kai (GER)"]
[Result "1-0"]
[WhiteElo "2510"]
[BlackElo "2150"]

1.e4 c5 2.Nf3 d6 3.d4 cxd4 4.Nxd4 Nf6 5.Nc3 Nc6 6.Be2 e5 7.Nf3 h6 8.O-O Be7
9.Re1 Be6 10.Bf1 O-O 11.h3 Re8 12.Nd5 Bf8 13.c4 Bd7 14.Nc3 Ne7 15.a4 Ng6 16.a5
a6 17.Be3 Bc6 18.Bb6 Qc8 19.b4 Nf4 20.Rc1 Qe6 21.Kh2 Bd7 22.Nd5 Rac8 23.Nc7
Rxc7 24.Bxc7 Bc6 25.Nd2 Qd7 26.Bb6 Ba4 27.Qf3 d5 28.cxd5 Bxb4 29.Rc7 Qd6
30.Nc4 Qf8 31.Rc1 Bb5 32.g3 Ng6 33.Ne3 Bd2 34.Bxb5 axb5 35.Bc5 Ne7 {#r} 1-0

[Event "It (open)"]
[Site "masterchessopen.com – Munich (Germany)"]
[Round "0"]
[White "Tagnon Nicole (FRA)"]
[Black "Titz Heimo (AUT)"]
[Result "1-0"]
[WhiteElo "1934"]
[BlackElo "2202"]

1.e4 c5 2.Nf3 Nc6 3.d4 cxd4 4.Nxd4 Nf6 5.Nc3 d6 6.Be2 e5 7.Nf3 Be7 8.O-O O-O
9.Bg5 Be6 10.Bxf6 Bxf6 11.Nd5 Nd4 12.Nxd4 exd4 13.Bc4 Rc8 14.Qd3 a6 15.Bb3 Rc5
16.Rac1 b5 17.f4 a5 18.a4 bxa4 19.Ba2 Bxd5 20.Bxd5 Qb6 21.Rb1 Rb5 22.Ra1 Rxb2
23.Rxa4 Rc8 24.Bc4 Rxc2 25.Qxc2 d3+ 26.Qf2 Qc6 27.Qa2 Bd4+ 28.Kh1 Qxe4
29.Bxf7+ Kh8 30.Qe6 Qxe6 31.Bxe6 Re8 32.Rxd4 Rxe6 33.Rxd3 h6 34.Rfd1 Re4 35.g3
{#r} 1-0

[Event "It (active)"]
[Site "masterchessopen.com – Oviedo (Spain)"]
[Round "0"]
[White "Nunez Vallina Jose Antonio (ESP)"]
[Black "Atalik Suat (BIH)"]
[Result "0-1"]
[WhiteElo "2380"]
[BlackElo "2535"]

1.e4 c5 2.Nf3 d6 3.d4 cxd4 4.Nxd4 Nf6 5.Nc3 Nc6 6.Be2 e5 7.Nf3 h6 8.O-O Be7
9.h3 O-O 10.Re1 Be6 11.Bf1 Nb8 12.b3 a6 13.a4 Nbd7 14.Ba3 Rc8 15.Nd5 Nxd5
16.exd5 Bf5 17.c4 a5 18.b4 axb4 19.Bxb4 Nc5 20.a5 Bh7 21.Ra3 f5 22.Nd2 Bh4
23.Bxc5 Rxc5 24.Nb3 Rc7 25.a6 bxa6 26.Rxa6 Rb7 27.c5 Qb8 28.Bc4 Rb4 29.Na5 Rb2
30.Rf1 Bxf2+ 31.Kh1 Bxc5 32.Nc6 Qb7 33.Qf3 Rc2 34.Nxe5 Rxc4 35.Nxc4 Qxa6 {#R}
0-1

[Event "Ch Chile"]
[Site "masterchessopen.com – Santiago (Chile)"]
[Round "0"]
[White "Vasquez Rodrigo (CHI)"]
[Black "Rosa Fernando (CHI)"]
[Result "1-0"]
[WhiteElo "2532"]
[BlackElo "2089"]

1.e4 c5 2.Nf3 Nc6 3.d4 cxd4 4.Nxd4 Nf6 5.Nc3 d6 6.Be2 e5 7.Nf3 h6 8.O-O Be7
9.Re1 O-O 10.h3 Be6 11.Bf1 a6 12.a4 Qc7 13.Nd5 Bxd5 14.exd5 Nb4 15.c4 a5
16.Ra3 Nd7 17.Nd4 Bg5 18.Nf5 Nf6 19.Rg3 Qd7 20.Nxh6+ gxh6 21.h4 Qf5 22.hxg5
Ne4 23.Rxe4 Qxe4 24.Qh5 Rfc8 25.gxh6+ {#r} 1-0

[Event "It"]
[Site "masterchessopen.com – Budapest (Hungary)"]
[Round "1"]
[White "Becker Michael (GER)"]
[Black "Grosar Aljosa (SLO)"]
[Result "0-1"]
[WhiteElo "2079"]
[BlackElo "2430"]

1.e4 c5 2.Nf3 d6 3.d4 cxd4 4.Nxd4 Nf6 5.Nc3 Nc6 6.Be2 e5 7.Nf3 h6 8.h3 Be7
9.O-O O-O 10.Re1 Be6 11.Bf1 Nb8 12.Nd5 Nxd5 13.exd5 Bf5 14.b3 Nd7 15.c4 Bg6
16.Bb2 Re8 17.Nh2 e4 18.f3 Bh4 19.Re2 f5 20.fxe4 fxe4 21.Ng4 h5 22.Qd4 Qe7
23.Nf2 Bf6 24.Qe3 Bg5 25.Qc3 e3 26.Nd1 Nc5 27.Nxe3 Bxe3+ 28.Kh1 Qf6 29.Qe1 Bd4
{#R} 0-1

[Event "It (open) (juniors) (under 20)"]
[Site "masterchessopen.com – Hengelo (Netherlands)"]
[Round "3"]
[White "Meulenbroek Kim (NED)"]
[Black "Wemmers Xander (NED)"]
[Result "0-1"]
[WhiteElo "2055"]
[BlackElo "2414"]

1.e4 c5 2.Nf3 d6 3.d4 cxd4 4.Nxd4 Nf6 5.Nc3 Nc6 6.Be2 e5 7.Nf3 h6 8.O-O Be7
9.Be3 Be6 10.Re1 O-O 11.Bf1 Qa5 12.Nd2 Ng4 13.Nc4 Nxe3 14.Nxe3 Bg5 15.Nc4 Qc5
16.Qxd6 Qxd6 17.Nxd6 Rad8 18.Nxb7 Rb8 19.Nc5 Rxb2 20.Nb5 Rxc2 21.Nxe6 fxe6
22.Re2 Rc5 23.Nc7 Nd4 24.Na6 Nxe2+ 25.Bxe2 Rc2 26.Kf1 Be7 27.f3 Rd8 28.a4 Rdd2
29.Re1 Bd6 30.Kf2 Rc6 31.Kf1 Rxe2 {#R} 0-1

[Event "Ch Netherlands (team)"]
[Site "masterchessopen.com – Netherlands"]
[Round "2"]
[White "Nicholson John (IRL)"]
[Black "Reedijk Anne (NED)"]
[Result "0-1"]
[WhiteElo "1836"]
[BlackElo "2225"]

1.e4 c5 2.Nf3 d6 3.d4 cxd4 4.Nxd4 Nf6 5.Nc3 Nc6 6.Be2 e5 7.Nf3 h6 8.O-O Be6
9.Re1 Be7 10.Bf1 Qa5 11.Bd2 Qd8 12.h3 a6 13.Be3 Qa5 14.Nd2 b5 15.Nb3 Qc7 16.a4
b4 17.Nd5 Bxd5 18.exd5 Na5 19.Qd2 Nxb3 20.cxb3 Qa5 21.Bc4 Nd7 22.f4 O-O
23.fxe5 Nxe5 24.Bxh6 gxh6 25.Qxh6 Qc5+ 26.Kh1 Qf2 27.Rxe5 dxe5 28.d6 Qf6
29.Qh5 Qg5 {#R} 0-1

[Event "It (open)"]
[Site "masterchessopen.com – Paris (France)"]
[Round "9"]
[White "Veron Cyprien (FRA)"]
[Black "Imbert Santiago (ARG)"]
[Result "0-1"]
[WhiteElo "2052"]
[BlackElo "2183"]

1.e4 c5 2.Nf3 Nc6 3.d4 cxd4 4.Nxd4 Nf6 5.Nc3 d6 6.Be2 e5 7.Nf3 Be7 8.O-O O-O
9.Bg5 Be6 10.Qd2 h6 11.Bxf6 Bxf6 12.Rfd1 Be7 13.Nb5 Qb6 14.c4 Rfd8 15.Rac1
Rac8 16.b3 a6 17.Nc3 Nd4 18.Nxd4 Bg5 19.Qd3 exd4 20.Na4 Qa5 21.Rc2 b5 22.cxb5
Rxc2 23.Qxc2 axb5 24.Rxd4 bxa4 25.Rxa4 Qe1+ 26.Bf1 Rc8 27.Qe2 Qxe2 28.Bxe2
Rc1+ 29.Bf1 Bg4 30.Rc4 Ra1 31.Rc2 Bd1 32.Rb2 Bc1 {#R} 0-1

[Event "Ch Czech Republic (juniors) (under 12)"]
[Site "masterchessopen.com – Svetla nad Sazavou (Czech Republic)"]
[Round "0"]
[White "Vaculik Martin (CZE)"]
[Black "Zedek Frantisek (CZE)"]
[Result "1-0"]
[WhiteElo "2247"]
[BlackElo "1915"]

1.e4 c5 2.Nf3 Nc6 3.d4 cxd4 4.Nxd4 Nf6 5.Nc3 d6 6.Be2 e5 7.Nf3 h6 8.O-O Be7
9.b3 Be6 10.Bb2 O-O 11.Bd3 a6 12.a4 Qc7 13.Re1 Rfd8 14.Qe2 Nb4 15.Rad1 Rac8
16.h3 Nxd3 17.Rxd3 Nh5 18.Rdd1 Nf4 19.Qe3 f5 20.Rd2 fxe4 21.Nxe4 Bf6 22.Red1
d5 23.Nxf6+ gxf6 24.Nxe5 fxe5 25.Bxe5 Qh7 26.Bxf4 Bf5 27.Bxh6 Bxc2 28.Qg5+ Kh8
29.Rxc2 {#r} 1-0

[Event "Ch World (juniors) (under 18)"]
[Site "masterchessopen.com – Szeged (Hungary)"]
[Round "0"]
[White "Hernandez Alexander (VEN)"]
[Black "Karadeniz Emre (TUR)"]
[Result "1-0"]
[WhiteElo "2258"]
[BlackElo "2288"]

1.e4 c5 2.Nf3 Nc6 3.d4 cxd4 4.Nxd4 Nf6 5.Nc3 d6 6.Be2 e5 7.Nf3 h6 8.O-O Be7
9.Bc4 O-O 10.a4 Bg4 11.h3 Bh5 12.g4 Bg6 13.Nh4 Bxe4 14.Nxe4 d5 15.Nxf6+ Bxf6
16.Ng6 dxc4 17.Nxf8 Qxf8 18.Qe2 Qc5 19.Be3 Nd4 20.Bxd4 exd4 21.Qe4 Qc6 22.Qxc6
bxc6 23.a5 Rb8 24.Ra4 Rxb2 25.Rxc4 Ra2 26.Rxc6 Rxa5 27.Rb1 Ra2 28.Rb8+ Kh7
29.Rb7 Kg6 30.Rd7 Kg5 31.Rxf7 a5 32.Rd7 Kf4 33.Kg2 a4 34.Rd5 Ke4 35.Rf5 d3
{#r} 1-0

[Event "Ch Russia (club)"]
[Site "masterchessopen.com – Briansk (Russia)"]
[Round "7"]
[White "Vokarev Sergey (RUS)"]
[Black "Petrienko Vladimir (RUS)"]
[Result "1-0"]
[WhiteElo "2431"]
[BlackElo "2460"]

1.e4 c5 2.Nf3 d6 3.d4 cxd4 4.Nxd4 Nf6 5.Nc3 Nc6 6.Be2 e5 7.Nf3 h6 8.O-O Be7
9.Re1 O-O 10.h3 Be6 11.Bf1 Rc8 12.Nd5 Bxd5 13.exd5 Nb4 14.c4 a5 15.a3 Na6
16.Rb1 Nd7 17.Bd2 f5 18.b4 axb4 19.axb4 Bf6 20.Be3 Kh8 21.Qc2 Be7 22.Qb3 Rf6
23.Rbd1 Qf8 24.Bc1 Qf7 25.Bb2 Qg6 26.Qa4 Rd8 27.Bc3 Rff8 28.Qa1 Bf6 29.Re2
Rfe8 30.Ra2 {#r} 1-0

[Event "It (open)"]
[Site "masterchessopen.com – Cappelle la Grande (France)"]
[Round "4"]
[White "Stromer Alexander (GER)"]
[Black "Bouaziz Slim (TUN)"]
[Result "1-0"]
[WhiteElo "2290"]
[BlackElo "2435"]

1.e4 c5 2.Nf3 Nc6 3.d4 cxd4 4.Nxd4 Nf6 5.Nc3 d6 6.Be2 e5 7.Nf3 h6 8.h3 Be7
9.O-O Be6 10.Re1 O-O 11.Bf1 Qa5 12.Bd2 Qd8 13.b3 d5 14.exd5 Nxd5 15.Nxd5 Qxd5
16.c4 Qd6 17.Bc3 Qxd1 18.Raxd1 f6 19.Bd3 a5 20.Be4 Kf7 21.Nh4 Bb4 22.Bxb4 axb4
23.f4 Rfd8 24.f5 Bc8 25.Bxc6 Rxd1 26.Rxd1 bxc6 27.Rd6 c5 28.Rc6 Bd7 29.Rxc5
Rxa2 30.Rc7 Ke7 31.Rb7 Kd6 32.Rxb4 Ke7 33.c5 {#r} 1-0

[Event "Ch Finland (team) 1994/95"]
[Site "masterchessopen.com – Finland"]
[Round "0"]
[White "Alava Mikko (FIN)"]
[Black "Paakkonen Timo (FIN)"]
[Result "0-1"]
[WhiteElo "2201"]
[BlackElo "2277"]

1.e4 c5 2.Nf3 Nc6 3.d4 cxd4 4.Nxd4 Nf6 5.Nc3 d6 6.Be2 e5 7.Nf3 h6 8.O-O Be7
9.Re1 O-O 10.Bf1 Re8 11.h3 Be6 12.b3 d5 13.Nxd5 Nxd5 14.exd5 Qxd5 15.c4 Qxd1
16.Rxd1 e4 17.Ne1 Bf6 18.Rb1 Rad8 19.Be3 Nd4 20.g4 Be5 21.Rd2 Nc6 22.Rxd8 Rxd8
23.Nc2 h5 24.Be2 hxg4 25.hxg4 a5 26.a3 f6 27.b4 axb4 28.axb4 Bc3 29.g5 Ne5
30.gxf6 gxf6 31.c5 Kf7 32.Bf4 Rg8+ 33.Kh1 Nf3 34.Bg3 Rh8+ 35.Kg2 Bh3+ 36.Kh1
Bf1+ {#R} 0-1

[Event "Ch Finland (team) 1994/95"]
[Site "masterchessopen.com – Finland"]
[Round "0"]
[White "Rantanen Yrjo A (FIN)"]
[Black "Pulkkinen Kari (FIN)"]
[Result "1-0"]
[WhiteElo "2350"]
[BlackElo "2335"]

1.e4 c5 2.Nf3 d6 3.d4 cxd4 4.Nxd4 Nf6 5.Nc3 Nc6 6.Be2 e5 7.Nf3 h6 8.O-O Be7
9.Re1 O-O 10.h3 Be6 11.Bf1 Qa5 12.Nd2 Nd4 13.Nc4 Qc7 14.Ne3 Rac8 15.Bd3 Qa5
16.Bd2 Qb6 17.Ncd5 Bxd5 18.exd5 e4 19.Bc3 Nb5 20.Nf5 Nxc3 21.Nxe7+ Kh8 22.bxc3
Rce8 23.Nf5 exd3 24.Qxd3 Qc5 25.c4 Rg8 26.Rxe8 Rxe8 27.Qg3 g6 28.Nxd6 Re7
29.Rd1 Rd7 30.Ne4 Nxe4 31.Qe5+ Kh7 32.Qxe4 Qa3 33.Qd4 Qxa2 34.Re1 {#r} 1-0

[Event "Ch World (juniors) (under 20) (g)"]
[Site "masterchessopen.com – Halle (Germany)"]
[Round "13"]
[White "Gaponenko Inna (UKR)"]
[Black "Grosar Kiti (SLO)"]
[Result "1-0"]
[WhiteElo "2365"]
[BlackElo "2225"]

1.e4 c5 2.Nf3 d6 3.d4 cxd4 4.Nxd4 Nf6 5.Nc3 Nc6 6.Be2 e5 7.Nf3 h6 8.O-O Be7
9.Re1 O-O 10.h3 Be6 11.Bf1 Nb8 12.b3 Qc7 13.Bb2 Nbd7 14.Nd2 a6 15.a4 d5
16.exd5 Nxd5 17.Nxd5 Bxd5 18.Nc4 Bxc4 19.Bxc4 Rad8 20.Qh5 b5 21.axb5 axb5
22.Bd3 Bf6 23.Qe2 b4 24.Qe4 g6 25.Qxb4 Nb6 26.Ra6 Nd5 27.Qc4 Qb8 28.Be4 Nb6
29.Qb5 Nd7 30.Qxb8 Rxb8 31.Rd6 Rfd8 32.Bc6 Rb6 33.Red1 Kf8 {#r} 1-0